A cor e o Som da Naç
Gardado en:
| Formato: | Texto |
|---|---|
| Materias: | |
| Etiquetas: |
Engadir etiqueta
Sen Etiquetas, Sexa o primeiro en etiquetar este rexistro!
|
MARC
| LEADER | 00000 a a2200000 04500 | ||
|---|---|---|---|
| 001 | 1882 | ||
| 003 | |||
| 040 | |||
| 245 | |a A cor e o Som da Naç | ||
| 500 | |a Datos de edición: S | ||
| 650 | |a MESTIZOS | ||
| 650 | |a IDENTIDAD CULTURAL | ||
| 650 | |a ESCLAVITUD | ||
| 650 | |a MUSICA | ||
| 650 | |a RESEÑA BIBLIOGRAFICA | ||
| 773 | |g número 52; páginas 267-269 | ||
| 999 | |c 22425 |d 22425 | ||
